000 00621nam a22001937a 4500
008 131111b xxu||||| |||| 00| 0 alb d
041 1 _aalb
080 _a336
_x(076)
100 1 _aRosen, Harvey S.
245 1 0 _aFinanca publike. :
_c[përshtatur nga S. Haderi dhe O. Milova prej Public finance, Harvery S. Rosen].
260 _aTiranë, :
_b[s. n.], ;
_c2009
300 _a373 f. :
_bilustr. ;
_c21 cm.
505 _aShtojce A... : f. 365-373
650 0 _aFinanca publike
_zSHBA
650 0 _aPolitika ekonomike
_zSHBA
700 1 _aHaderi, S.
700 1 _a Milova, O.
942 _2udc
_cBK
999 _c257
_d257